00765nam a22002057a 450000500170000001000150001702000260003203500140005803700090007208200140008110000330009524500660012825000060019426000560020027000760025630000250033294200280035799900190038595201550040420241203161639.0 aENG-142790 a9789355326515c495.00 aEN-126322 bDBAD a004.1621 aSantanu Chattopadhyay974614 aMicroprocessors & Microcontrollers/cBy Santanu Chattopadhyay a1 aChennaibMc Graw Hill Education (India) c2022,2024 aAnjana Complex No: 5/90 A, Butt Road, St Thomas Mount bChennaie600116 axxii,362p.c25cm(hb) 2ddccENh004.16mCHAe1 c207378d207378 001040708NFICaAVbAVd2024-12-03eDelivery of Books Act Divisiong495.00l0o004.16 CHApEN-126322r2024-12-03 00:00:00t1v495.00w2024-12-03yEN